Obras de R. Menéndez Pidal

Guardat en:
Dades bibliogràfiques
Format: Llibre
Idioma:espanyol
Publicat: Madrid Espasa-Calpe 1934
Matèries:
Etiquetes: Afegir etiqueta
Sense etiquetes, Sigues el primer a etiquetar aquest registre!

MARC

LEADER 00000nam a2200000 a 4500
001 UCS3948
003 CL-VaPUC
005 20230125163449.0
008 970718e19340000SP |||||||||||||||||spa|d
999 |c 261404  |d 261402 
040 |c Pontificia Universidad Católica de Valparaíso 
082 0 4 |a 860.9  |b OBR  |2 21 
245 1 0 |a Obras de R. Menéndez Pidal 
260 |a Madrid  |b Espasa-Calpe  |c 1934 
300 |a v 
500 |a v.1: La leyenda de los infantes de Lara 
500 |a v.2: Historia y epopeya 
583 |a last modification  |c 19970718 00:00:00  |k Rodrigo Vera 
600 0 7 |a DIAZ DE VIVAR, RODRIGO  |2 CL-VaPUC  |9 319185 
600 0 7 |a EL CID  |2 CL-VaPUC  |9 390124 
650 0 |a Literatura española  |9 306261 
650 0 |a Crítica literaria   |9 269189 
650 0 |a Teatro español  |9 265077 
650 0 |a Crítica e interpretación   |9 255042 
650 0 |a Historia y crítica   |9 257407 
650 7 |a ESPAÑA Y SU HISTORIA  |2 CL-VaPUC  |9 390125 
650 0 |a Poesía épica española  |9 268761 
650 0 |a Edad media  |9 258041 
651 0 |a España  |9 254926 
942 |c BK  |2 ddc 
945 |d 19970718 00:00:00  |a jquezada 
952 |0 0  |1 0  |4 0  |6 860_900000000000000_OBR_1934  |7 0  |8 A  |9 288806  |a BIBEDU  |b BIBEDU  |d 2019-11-19  |h v.2  |i 3304280  |o 860.9 OBR 1934  |p 3304280  |r 2019-11-19  |w 2019-11-19  |y BK  |k LIT 
952 |0 0  |1 0  |4 0  |6 860_900000000000000_OBR_1934  |7 0  |8 A  |9 288807  |a BIBEDU  |b BIBEDU  |d 2019-11-19  |h v.2  |i 3304299  |o 860.9 OBR 1934  |p 3304299  |r 2019-11-19  |w 2019-11-19  |y BK  |k LIT 
952 |0 0  |1 0  |4 0  |6 860_900000000000000_OBR_1934  |7 0  |8 A  |9 288808  |a BIBEDU  |b BIBEDU  |d 2019-11-19  |h v.1  |i 3304272  |o 860.9 OBR 1934  |p 3304272  |r 2019-11-19  |w 2019-11-19  |y BK  |k LIT